| 000 | 02722cam a22005894i 4500 | ||
|---|---|---|---|
| 003 | PE-LiUPU | ||
| 005 | 20250731173019.0 | ||
| 008 | 150623s1990 ilu rb 000 0 eng d | ||
| 020 | _a0877849854 | ||
| 020 | _a9780877849858 | ||
| 035 | _a(Sirsi) i9780877849858 | ||
| 040 |
_aPE-LiUPU _bspa _cPE-LiUPU _erda |
||
| 049 | _aPRUA | ||
| 082 | 0 | 4 |
_a201 _bS57 _221 |
| 100 | 1 |
_aSire, James W., _eautor. |
|
| 245 | 1 | 0 |
_aDiscipleship of the mind / _cJames W. Sire. |
| 264 | 1 |
_aDowners Grove, Illinois : _bInterVarsity Press, _c1990. |
|
| 300 |
_a248 páginas ; _c21 centímetros |
||
| 336 |
_atext _2rdacontent |
||
| 337 |
_aunmediated _2rdamedia |
||
| 338 |
_avolume _2rdacarrier |
||
| 504 | _aIncluye bibliografía. | ||
| 505 | 0 | _aThe christian mind -- Mental models of the world -- The final reality -- The riddle of the world -- The chrsitian mind as mind -- The discipleship of the mind -- Getting to know the world -- what's it all about. | |
| 526 | _aSEG42 | ||
| 526 | _aSEG41 | ||
| 526 | _aSEG40 | ||
| 526 | _aSEG39 | ||
| 526 | _aP94 | ||
| 526 | _aP87 | ||
| 526 | _aP86 | ||
| 526 | _aP85 | ||
| 526 | _aP77 | ||
| 526 | _aP76 | ||
| 526 | _aP35 | ||
| 650 | 0 | 4 |
_aCristianismo _xFilosofía. |
| 910 |
_adbm _bncf _cncf _d20190529 |
||
| 942 |
_2ddc _cBOOK |
||
| 949 |
_a201 S57 _wDEWEY _c1 _i37939 _lCCODEBUL1 _mBUL _r0 _sY _tBOOK _u2015-6-24 _xTEOLOGIA _PP35 _0COMPRA _o.STAFF. Colección Teología |
||
| 949 |
_a201 S57 _wDEWEY _c2 _i48532 _lCCODEBUL1 _mBUL _r0 _sY _tBOOK _u2015-6-24 _xTEOLOGIA _PP35 _0COMPRA _o.STAFF. Colección Teología |
||
| 949 |
_a201 S57 _wDEWEY _c3 _i50772 _lCCODEBUL1 _mBUL _r0 _sY _tBOOK _u2015-6-24 _xTEOLOGIA _PP35 _0COMPRA _o.STAFF. Colección Teología |
||
| 949 |
_a201 S57 _wDEWEY _c4 _i47381 _lCCODEBUL1 _mBUL _r0 _sY _tBOOK _u2015-6-24 _xTEOLOGIA _PP35 _0COMPRA _o.STAFF. Colección Teología |
||
| 994 |
_aC0 _bPEPRU |
||
| 596 | _a1 | ||
| 999 |
_a201 S57 _wDEWEY _c23935 _i37939 _f2021-11-9 _g5 _lCCODEBUL1 _mBUL _p23.89 _r0 _sY _tBOOK _u2015-6-24 _xTEOLOGIA _PP35 _0COMPRA _o.STAFF. Colección Teología _d23935 |
||
| 999 |
_a201 S57 _wDEWEY _c2 _i48532 _f2021-11-9 _g6 _lCCODEBUL1 _mBUL _p23.89 _r0 _sY _tBOOK _u2015-6-24 _xTEOLOGIA _PP35 _0COMPRA _o.STAFF. Colección Teología |
||
| 999 |
_a201 S57 _wDEWEY _c3 _i50772 _f2021-11-9 _g5 _lCCODEBUL1 _mBUL _p23.89 _r0 _sY _tBOOK _u2015-6-24 _xTEOLOGIA _PP35 _0COMPRA _o.STAFF. Colección Teología |
||
| 999 |
_a201 S57 _wDEWEY _c4 _i47381 _f2021-11-9 _g5 _lCCODEBUL1 _mBUL _p23.89 _r0 _sY _tBOOK _u2015-6-24 _xTEOLOGIA _PP35 _0COMPRA _o.STAFF. Colección Teología |
||
| 980 |
_81 _gALBERTO SANCHEZ Responsable de Automatización |
||